|
|
|
|
| LEADER |
00000nab a2200000 a 4500 |
| 001 |
vtls010076837 |
| 003 |
SK-MaSNL |
| 005 |
20260304161423.0 |
| 008 |
250507c2009 xo |||||||||||000 b|slo |
| 015 |
|
|
|a SNBRB2010/03
|2 snkbucl
|
| 035 |
|
|
|a (uuid)6f09f4f9-ffb6-4de1-adbb-e6b7386c0cff
|
| 035 |
|
|
|a urn:nbn:sk:snk-ab15uc
|
| 035 |
|
|
|a (urnnbn)urn:nbn:sk:snk:ar-a03nji
|
| 038 |
|
|
|a SNKBUCL
|
| 040 |
|
|
|a SNKBUCL
|b slo
|c SNKBUCL
|e AACR2
|
| 041 |
0 |
|
|a slo
|
| 044 |
|
|
|a xo
|c SK
|
| 080 |
|
|
|a 504:656.7
|2 2001
|
| 080 |
|
|
|a 656.7
|2 2001
|
| 080 |
|
|
|a 504.5:502.3
|2 2001
|
| 080 |
|
|
|a 534.836
|2 2001
|
| 100 |
1 |
|
|a Maďar, Ján
|4 aut
|9 271429
|
| 245 |
1 |
0 |
|a Dopad leteckej dopravy na životné prostredie
|c Ján Maďar
|
| 300 |
|
|
|b Fotogr., tab.
|
| 504 |
|
|
|a Bibliogr. odkazy
|
| 650 |
0 |
7 |
|a letecká doprava
|2 snkbucl
|9 50044
|
| 650 |
0 |
7 |
|a ohrozenie životného prostredia
|2 snkbucl
|9 4153
|
| 650 |
0 |
7 |
|a emisie znečisťujúcich látok
|2 snkbucl
|9 73133
|
| 650 |
0 |
7 |
|a dopravný hluk
|2 snkbucl
|9 57174
|
| 773 |
0 |
|
|t Odpady
|g Roč. 9, č. 12 (2009), s. 20-22
|x 1335-7808
|
| 850 |
|
|
|a Slovenská národná knižnica
|
| 852 |
|
|
|a Slovenská národná knižnica
|
| 954 |
|
|
|a odborná, vedecká literatúra pôvodná (slovenská)
|2 lita
|
| 958 |
|
|
|a article2022
|
| 958 |
|
|
|a NB
|
| 958 |
|
|
|a OND
|
| 958 |
|
|
|a EUIPO
|
| 999 |
|
|
|c 2971007
|d 2972937
|